000
00245nam a22001097a 4500
020
_a
0-600-38795-X
082
_a
635 FRE'D
245
_a
FREDLOADS GARDENING TIPS OF A LIFETIME
260
_a
LONDON
_b
HAMLYN
_c
1980
300
_a
175P
942
_c
BK
999
_c
581389
_d
581389